| 000 | 00389nam a2200145Ia 4500 | ||
|---|---|---|---|
| 008 | 230711s9999||||xx |||||||||||||| ||und|| | ||
| 041 | _aENG | ||
| 082 |
_a621 _bNA-V |
||
| 100 | _aNavabi,Z | ||
| 245 | 0 | _aVHDL analysis and modelling of digital system | |
| 250 | _a2nd Ed. | ||
| 260 |
_c1998 _aNew Delhi _bTata McGraw Hill Education Limited |
||
| 650 | _aElectrical Engineering | ||
| 942 | _cBK | ||
| 999 |
_c3872 _d3872 |
||